000
00208nam a22000857a 4500
001
1235183
005
20250930110632.0
245
_a
BEN VE BAŞKALARI
_c
BRIGITTE LABBE
260
_b
GÜNIŞIĞI KİTAPLIĞI YAYINLARI
999
_c
1235183
_d
1235183